000 00698nam a2200241 i 4500
003 DO-SdBNP
005 20230517083748.0
007 ta
008 120126s1966 dr 000 spa d
040 _aDO-SdBNP
_cBNPHU
_erda
_bspa
082 4 _222
_bA454g 1966
100 1 _937593
_aAlonso, Amado
_eautor
245 1 0 _aGramática castellana :
_bprimer curso /
_cAmado Alonso
250 _a23a ed.
264 _aBuenos Aires, Argentina :
_bLosada, S.A.,
_c1966.
300 _a232 páginas
_c21 cm.
336 _2rdacontent
_atexto
_btxt
337 _2rdamedia
_asin mediación
_bn
338 _2rdacarrier
_avolumen
_bnc
590 _aInventariado, 2023/BT
910 _aBtavárez
942 _2ddc
_cLBS1
999 _c36228
_d36228